000 00507nam a2200157 i 4500
001 55537
003 ES-MaACL
005 20230906163151.0
007 t|
008 030922s1971 sp ||||1| spa d
245 0 0 _aDesarrollo embrionario del celoma en los equinodermos /
_cpor Rodán Cornejo ... [et al.].
260 _aMadrid :
_bUniversidad Complutense, Facultad de Ciencias,
_c1971.
300 _a82 p., 13 lám. ;
_c24 cm.
700 1 _aRoldán Cornejo.
_999145
852 _aES-MaACL
_jC-43307
_bR.81079
999 _c55537
_d55537